000
00320nam a22001337a 4500
003
SGT
082
_a
340,ICR
100
_a
ICRC
245
_a
INTRR AGENCY GUIDING PRINCIPLES ON UNACCOMPANIED AND SEPARATED CHILDREN
260
_a
NEW DELHI
_b
ICRC
_c
2006
300
_a
71
650
_a
SEPARATED CHILDREN
942
_2
ddc
_c
BK
999
_c
11045
_d
11045